000
00231nmm a2200085Ia 4500
008
220120s9999||||xx |||||||||||||||||und||
100
_a
Digit
245
0
_a
Ubuntu tech, video editing, V5DC, openshot, radio show, musi
260
_c
43800
999
_c
140113
_d
140113